Психологические аспекты тренажеростроения : (Record no. 146132)
[ view plain ]
| 000 -LEADER | |
|---|---|
| fixed length control field | 01505nam a2200241 u 4500 |
| 001 - CONTROL NUMBER | |
| control field | 000383196 |
| 003 - CONTROL NUMBER IDENTIFIER | |
| control field | AM-YeHGA |
| 005 - DATE AND TIME OF LATEST TRANSACTION | |
| control field | 20250618072321.0 |
| 008 - FIXED-LENGTH DATA ELEMENTS--GENERAL INFORMATION | |
| fixed length control field | 041116s1983 ai r 000 0 rus d |
| 040 ## - CATALOGING SOURCE | |
| Original cataloging agency | AM-YeHGA |
| 041 0# - LANGUAGE CODE | |
| Language code of text/sound track or separate title | rus |
| 090 ## - LOCALLY ASSIGNED LC-TYPE CALL NUMBER (OCLC); LOCAL CALL NUMBER (RLIN) | |
| -- | 147518 |
| 245 00 - TITLE STATEMENT | |
| Title | Психологические аспекты тренажеростроения : |
| Remainder of title | Материалы Всесоюзной конференции: март 1981 г., г. Цахкадзор АрмССР / |
| Statement of responsibility, etc. | ЕГУ, Науч. совет по комплексной проблеме "Кибернетика" АН СССР, Ин-т психологии АН СССР, Совет молодых ученых и cпец. ЦК ЛКСМ Армении; Редкол.: Р.В. Агузумцян и др. |
| 260 ## - PUBLICATION, DISTRIBUTION, ETC. | |
| Place of publication, distribution, etc. | Ереван : |
| Name of publisher, distributor, etc. | Изд-во Ерев. ун-та, |
| Date of publication, distribution, etc. | 1983. |
| 300 ## - PHYSICAL DESCRIPTION | |
| Extent | 114 с. ; |
| Dimensions | 20 см. |
| 650 14 - SUBJECT ADDED ENTRY--TOPICAL TERM | |
| Topical term or geographic name entry element | Тренажеростроение |
| 700 1# - ADDED ENTRY--PERSONAL NAME | |
| Personal name | Աղուզումցյան, Ռուբեն Վազգենի, |
| Dates associated with a name | 1945- |
| Relator term | ред. |
| Relationship | edt |
| 9 (RLIN) | 2120 |
| 710 2# - ADDED ENTRY--CORPORATE NAME | |
| Corporate name or jurisdiction name as entry element | Ереванский государственный университет |
| 710 2# - ADDED ENTRY--CORPORATE NAME | |
| Corporate name or jurisdiction name as entry element | Научный совет по комплексной проблеме "Кибернетика" АН СССР |
| 710 2# - ADDED ENTRY--CORPORATE NAME | |
| Corporate name or jurisdiction name as entry element | Институт психологии АН СССР |
| 710 2# - ADDED ENTRY--CORPORATE NAME | |
| Corporate name or jurisdiction name as entry element | Совет молодых ученых и специалистов ЦК ЛКСМ Армении |
| 711 2# - ADDED ENTRY--MEETING NAME | |
| Meeting name or jurisdiction name as entry element | Всесоюзная конференции |
| Date of meeting or treaty signing | (1981 : |
| Location of meeting | Цахкадзор) |
| Withdrawn status | Lost status | Damaged status | Not for loan | Collection | Home library | Current library | Date acquired | Total checkouts | Full call number | Barcode | Date last seen | Price effective from | Koha item type | Public note |
|---|---|---|---|---|---|---|---|---|---|---|---|---|---|---|
| General | Fundamental Scientific Library | Fundamental Scientific Library | 22/12/2016 | PII/521815 | FL0190943 | 22/12/2016 | 22/12/2016 | Գրքեր / Books | 30 Days Loan | |||||
| General | Fundamental Scientific Library | Fundamental Scientific Library | 22/12/2016 | PII/521816 | FL0190941 | 22/12/2016 | 22/12/2016 | Գրքեր / Books | 30 Days Loan |
ՀՀ Գիտությունների ազգային ակադեմիայի հիմնարար գիտական գրադարան = Fundamental Scientific Library of NAS RA
All site content, except where otherwise noted, is licensed under a